Trenčin

Zobrazenie: Pohľad v bielom orámovaní na Ttrenčiansky hrad v pozadí. V popredí lúka na kopci. Vľavo listntatý strom

Bibliographic Details
Format: Postcard
Language:Slovak
PhysicalDescription:1 pohľadnica čiernobiela 9 x 14 cm
Published: Trenčín Leopold Gansel [medzi 1930 a 1940?]
Subjects:

MARC

LEADER 00000nkm a2200000 a 4500
001 vtls011770291
003 SK-MaSNL
005 20260512125248.0
007 kp bo
008 230718q1930 xo g kuslo
015 |a SNBG 
035 |a urn:nbn:sk:snk-km00dmdm 
035 |a urn:nbn:sk:snk-km3m0v0 
035 |a 9AB10116-07F2-41E9-9D5F-C26B2063C1B3 
040 |a SNK  |b slo  |c SNK  |e AACR2 
041 0 |a slo 
043 |a e-xo--- 
044 |a xo  |c SK 
072 7 |a 913  |x Regionálna geografia  |2 konspekt 
080 |a 913 437.641  |2 2011 
080 |a 728.81  |2 2011 
080 |a (084.121)  |2 2011 
245 0 0 |a Trenčin  |h grafika 
260 |a Trenčín  |b Leopold Gansel  |c [medzi 1930 a 1940?]  |e [Hradec Králové]  |f VR Hr Kr 
300 |a 1 pohľadnica  |b čiernobiela  |c 9 x 14 cm 
500 |a Názvové údaje prevzaté z obrazovej časti pohľadnice 
520 8 |a Zobrazenie: Pohľad v bielom orámovaní na Ttrenčiansky hrad v pozadí. V popredí lúka na kopci. Vľavo listntatý strom 
610 2 7 |a Trenčiansky hrad (Trenčín, Slovensko)  |2 SNKKA  |9 33647 
650 0 7 |a hrady  |2 SNKPH  |9 3039 
651 7 |a Trenčín (Slovensko)  |2 SNKPHgeo  |9 159956 
655 7 |a miestne pohľadnice  |2 SNKPH  |9 70510 
852 |a Slovenská národná knižnica 
954 |a pohľadnice pôvodné (slovenské)  |2 lita 
954 |a pohľadnice cudzojazyčné (svetové)  |2 lita 
958 |a OND 
958 |a GBN 
958 |a GC 
958 |a EUIPO 
999 |c 1028321  |d 1030251 
952 |a SNK  |b SNK  |y PREZ  |7 0  |p 17A1293362  |o snkSP 100432  |0 0  |1 0  |4 0  |d 2018-08-02  |f 1  |l 0  |r 2026-02-24 13:45:56  |w 2026-02-24